|
|
|
|
| LEADER |
00000nam0a2200000 4500 |
| 001 |
281692 |
| 005 |
20231101235427.0 |
| 035 |
|
|
|a (RuTPU)RU\TPU\book\305533
|
| 090 |
|
|
|a 281692
|
| 100 |
|
|
|a 20150124d1984 m y0rusy50 ca
|
| 101 |
0 |
|
|a rus
|
| 102 |
|
|
|a RU
|
| 105 |
|
|
|a y z 001zy
|
| 200 |
1 |
|
|a Диалектическая логика : очерки истории и теории
|f Э. В. Ильенков
|
| 205 |
|
|
|a 2-е изд., доп.
|
| 210 |
|
|
|a Москва
|c Политиздат
|d 1984
|
| 215 |
|
|
|a 320 с.
|
| 320 |
|
|
|a Библиогр. в тексте
|
| 606 |
1 |
|
|a Диалектическая логика
|2 stltpush
|3 (RuTPU)RU\TPU\subj\9438
|9 36686
|
| 610 |
1 |
|
|a философия
|
| 610 |
1 |
|
|a научное познание
|
| 610 |
1 |
|
|a материализм
|
| 610 |
1 |
|
|a диалектика
|
| 610 |
1 |
|
|a марксистско-ленинская философия
|
| 686 |
|
|
|a Ю223
|v LBC/SL-A
|2 rubbk
|
| 700 |
|
1 |
|a Ильенков
|b Э. В.
|g Эвальд Васильевич
|
| 801 |
|
1 |
|a RU
|b 63413507
|c 20150124
|
| 801 |
|
2 |
|a RU
|b 63413507
|c 20170404
|g RCR
|
| 942 |
|
|
|c BK
|